| 000 | 00854nam a2200205 a 4500 | ||
|---|---|---|---|
| 003 | 0 | ||
| 005 | 20250215085814.0 | ||
| 008 | 130828s19uu xx 00 eng d | ||
| 050 |
_aPGS BF 637.I5 _b.B214 2013 |
||
| 100 | _aBandong, Norhaina. | ||
| 245 |
_aNationality and interpersonal skills of grade 6 students of Southville International School and Colleges / _cNorhaina Bandong. |
||
| 260 |
_aLas PiƱas City, Philippines : _bSouthville International School and Colleges, _c2013. |
||
| 300 |
_a27 pages : _billustrations ; _c28 cm. |
||
| 504 | _aIncludes bibliographical references. | ||
| 650 | _aInterpersonal relations in children. | ||
| 650 |
_aInterpersonal communication _vCultural differences. |
||
| 650 |
_aNational characteristics _vSocial aspects. |
||
| 650 |
_aSocial skills in children _vCross-cultural studies. |
||
| 942 |
_2lcc _cPASS |
||
| 999 |
_c98986 _d98986 |
||